| 000 | 00509nam a2200145 a 4500 | ||
|---|---|---|---|
| 008 | 120416s1965 ||||||||||||||||| || u | ||
| 050 | _aHD 6955 Moo | ||
| 100 | _aMoore, Wilbert Ellis | ||
| 245 | 1 | 4 | _aThe impact of industry |
| 260 |
_aEnglewood Cliffs _bFT Prentice-Hall _c1965 |
||
| 350 | _a0.00 | ||
| 650 | _aINDUSTRY | ||
| 650 | _aIMPACT ASSESMENT | ||
| 995 |
_D0.00 _FCBU-MAIN LIBRARY (Kitwe) _H1 _I0.00 _M1 _UAVAILABLE _ZMain Library Open Access Collection |
||
| 999 |
_c46292 _d46292 |
||